Crímenes excelentes: delitos de cuello blanco, crimen organizado y corrupción

Saved in:
Bibliografiske detaljer
Hovedforfatter: Virgolini, Julio E. S (Author)
Format: Bog
Sprog:spansk
Udgivet: Buenos Aires Del Puerto 2004
Serier:Colección Tesis Doctoral, 2
Fag:
Tags: Tilføj Tag
Ingen Tags, Vær først til at tagge denne postø!

MARC

LEADER 00000nam a2200000 a 4500
001 UCL9644
003 CL-VaPUC
008 040820e20040000AG |||||||||||||||||spa|d
020 |a 9879120620 
082 0 4 |a 345.0268  |b VIR  |2 21 
100 0 |a Virgolini, Julio E. S  |e author  |9 487531 
245 1 0 |a Crímenes excelentes: delitos de cuello blanco, crimen organizado y corrupción 
300 |a 295 p 
942 |c BK 
945 |d 20040820 00:00:00  |a cmena 
260 |a Buenos Aires  |b Del Puerto  |c 2004 
650 7 |a DERECHO PENAL  |2 CL-VaPUC  |9 11 
650 0 |a Criminología  |9 256168 
650 0 |a Delitos económicos   |9 255899 
650 7 |a CRIMEN ORGANIZADO  |2 CL-VaPUC  |9 437226 
650 0 |a Corrupción  |9 328304 
583 |a last modification  |c 20040820 00:00:00  |k Rodrigo Vera 
490 0 |a Colección Tesis Doctoral, 2 
999 |c 310361  |d 310359 
952 |0 0  |1 0  |4 0  |6 345_026800000000000_VIR_2004  |7 0  |8 A  |9 378692  |a BIBDER  |b BIBDER  |d 2019-11-21  |i 4049438  |l 2  |o 345.0268 VIR 2004  |p 4049438  |r 2024-06-21  |s 2024-05-03  |w 2019-11-21  |y BK  |k DER